Kraje europy - Statystyki

Ogólne statystyki
  • Ten quiz został rozwiązany 76 razy
  • Średni wynik to 38 z 44
Statystyki odpowiedzi
Obrazkowy Odpowiedź % Poprawnych
Francja
100%
Polska
100%
Ukraina
99%
Wielka Brytania
99%
Belgia
97%
Finlandia
97%
grecja
97%
Norwegia
97%
włochy
97%
Białoruś
96%
czechy
96%
Portugalia
96%
Szwecja
96%
Estonia
94%
słowacja
91%
chorwacja
90%
irlandia
90%
albania
88%
dania
88%
Litwa
88%
rosja
88%
szwajcaria
88%
austria
87%
holandia
87%
san marino
87%
Łotwa
84%
rumunia
84%
watykan
84%
serbia
82%
macedonia
81%
Luksemburg
79%
węgry
79%
bośnia i hercegowina
76%
bułgaria
76%
liechtenstein
76%
islandia
75%
kosowo
74%
monako
74%
andora
71%
czarnogóra
71%
malta
71%
mołdawia
71%
niger
71%
zssr
66%
Nie znaleziono quizów pasujących do podanych kryteriów
Rozkład punktacji
Procent ludzi z każdym wynikiem
Percentyl według liczby udzielonych odpowiedzi
Twoja historia wyników
Nie rozwiązałeś tego quizu